Le caducée et la symbolique dravidienne indo-méditerranéenne, de l'arbre, de la pierre, du serpent et de la déessemère /

محفوظ في:

المؤلف الرئيسي: Boulnois, J.‏ (مؤلف)

مؤلفون آخرون: Jouveau-Dubreuil, G. 1888-1945.

التنسيق: كتاب

اللغة: French

منشور في: Paris : Librairie d'Amérique et d'Orient, 1939.

الموضوعات:

الوسوم: إضافة وسم

لا توجد وسوم, كن أول من يضع وسما على هذه التسجيلة!

رقم الطلب: BL457 .C3 B6 1939

LEADER 00836nam a2200241I 4500
001 5253
003 OSt
005 20250901104201.0
008 130303s1939 fr a b 000 0 fre d
010 |a 57056439 
035 |a ocm04551306 
040 |c ARCE Library 
050 4 |a BL457 .C3 B6 1939 
100 1 |a Boulnois, J.‏   |q (Jean),  |e author  |9 27113 
245 1 3 |a Le caducée et la symbolique dravidienne indo-méditerranéenne, de l'arbre, de la pierre, du serpent et de la déessemère /  |c Préf. de G. Jouveau-Dubreuil. 
264 1 |a Paris :  |b Librairie d'Amérique et d'Orient,  |c 1939. 
300 |a 176 page :  |b illustrations ;  |c 26 cm. 
504 |a Includes bibliographical references. 
650 0 |a Caduceus.  |9 2995 
700 1 |a Jouveau-Dubreuil, G.  |q (Gabriel),  |d 1888-1945.  |9 33397 
901 |a reviewed 
942 |c BK  |2 lcc 
999 |c 5190  |d 5190